La Venganza de las Punks.

Shranjeno v:
Bibliografske podrobnosti
Glavni avtor: Goldman, Vivien (autora)
Drugi avtorji: Smith de la Fuente, Carolina (traducción)
Format: Neznan
Jezik:španščina
Izdano: Barcelona, España: Contra ediciones, 2020.
Izdaja:Primera edición.
Teme:
Oznake: Označite
Brez oznak, prvi označite!

MARC

LEADER 00000 a2200000 4500
003 CL-VaPUC
005 20250326124328.0
008 250318t2020 ||||| |||| 00| 0 spa d
999 |c 446901  |d 446899 
020 |a 978-84-121300-4-1 
040 |c Pontificia Universidad Católica de Valparaíso 
082 |2 22  |a 781.6609 GOL 2020 
100 |a Goldman, Vivien  |9 895955  |e autora 
245 |a La Venganza de las Punks. 
250 |a Primera edición. 
260 |a Barcelona, España:  |b Contra ediciones,  |c 2020. 
300 |a 246 páginas. 
583 |k Cristina María Rojas Aguilar  |c 20250318 
650 0 |9 390046  |a Géneros musicales  |x Punk (Punk rock)  |x Rol femenino   |z Inglaterra, Francia, Japón, etc. 
650 0 |9 257649  |a Mujeres  |x Música punk  |x Aspectos musicales y sociales 
700 |9 897026  |a Smith de la Fuente, Carolina  |e traducción 
942 |2 ddc  |c BK 
952 |0 0  |1 0  |2 ddc  |4 0  |6 781_660900000000000_GOL_2020  |7 0  |8 A  |9 601269  |a BIBEDU  |b BIBEDU  |d 2025-03-14  |e 3  |g 25973.00  |i 5666125  |l 1  |o 781.6609 GOL 2020  |p 5666125  |r 2025-04-10  |s 2025-04-04  |t 1  |v 25973.00  |w 2025-03-14  |y BK  |k MUS